Obchodní operace ve vývozu a dovozu
Salvato in:
| Autore principale: | |
|---|---|
| Altri autori: | , |
| Natura: | Libro |
| Lingua: | ceco |
| Pubblicazione: |
Praha
CODEX Bohemia
1999
|
| Soggetti: | |
| Tags: |
Nessun Tag, puoi essere il primo ad aggiungerne!!
|
MARC
| LEADER | 00000nam a2200000 4500 | ||
|---|---|---|---|
| 001 | c138008 | ||
| 005 | 20221102135230.5 | ||
| 020 | |a 80-85963-94-9 | ||
| 041 | 0 | |a cze | |
| 044 | |a CZ | ||
| 245 | 1 | 0 | |a Obchodní operace ve vývozu a dovozu |c Janatka - Hándl - Novák a kolektiv |
| 264 | 1 | |a Praha |b CODEX Bohemia |c 1999 | |
| 300 | |a 406 s. | ||
| 610 | 2 | 0 | |a operácie obchodné |
| 610 | 2 | 0 | |a vývoz |
| 610 | 2 | 0 | |a dovoz |
| 610 | 2 | 0 | |a prieskum odbytový |
| 610 | 2 | 0 | |a prieskum spotrebiteľský |
| 610 | 2 | 0 | |a prieskum trhu |
| 610 | 2 | 0 | |a prieskum dopytu |
| 610 | 2 | 0 | |a tovar |
| 610 | 2 | 0 | |a konkurencia |
| 610 | 2 | 0 | |a obchod medzinárodný |
| 610 | 2 | 0 | |a riziko obchodné |
| 610 | 2 | 0 | |a dohody obchodné |
| 610 | 2 | 0 | |a dohody obchodné medzinárodné |
| 610 | 2 | 0 | |a vývoz služieb |
| 610 | 2 | 0 | |a preprava |
| 610 | 2 | 0 | |a zmluvy obchodné |
| 100 | 1 | |a Janatka, František | |
| 700 | 1 | |a Hándl, Jaroslav | |
| 700 | 1 | |a Novák, Radek | |